Early Yuma / (Record no. 1313)

MARC details
000 -LEADER
fixed length control field 01122cam a2200325 a 4500
005 - DATE AND TIME OF LATEST TRANSACTION
control field 20260322212055.0
008 - FIXED-LENGTH DATA ELEMENTS--GENERAL INFORMATION
fixed length control field data
010 ## - LIBRARY OF CONGRESS CONTROL NUMBER
LC control number 2006926129
020 ## - INTERNATIONAL STANDARD BOOK NUMBER
International Standard Book Number 073854857X (pbk.)
020 ## - INTERNATIONAL STANDARD BOOK NUMBER
International Standard Book Number 9780738548579 (pbk.)
040 ## - CATALOGING SOURCE
Original cataloging agency WIH
Transcribing agency WIH
Modifying agency DLC
042 ## - AUTHENTICATION CODE
Authentication code lccopycat
043 ## - GEOGRAPHIC AREA CODE
Geographic area code n-us-az
050 00 - LIBRARY OF CONGRESS CALL NUMBER
Classification number F819.Y9
Item number N45 2006
082 00 - DEWEY DECIMAL CLASSIFICATION NUMBER
Classification number 979.1/71
Edition information 22
092 ## - LOCALLY ASSIGNED DEWEY CALL NUMBER (OCLC)
Classification number 979.1 Ear 2006
001 - CONTROL NUMBER
control field data
100 1# - MAIN ENTRY--PERSONAL NAME
Personal name Nelson, Robert.
245 10 - TITLE STATEMENT
Title Early Yuma /
Statement of responsibility, etc. Robert Nelson & Arizona Historical Foundation.
260 ## - PUBLICATION, DISTRIBUTION, ETC.
Place of publication, distribution, etc. Charleston, SC.:
Name of publisher, distributor, etc. Arcadia Pub.,
Date of publication, distribution, etc. c2006.
300 ## - PHYSICAL DESCRIPTION
Extent 127 p. :
Other physical details chiefly ill. ;
Dimensions 24 cm.
440 #0 - SERIES STATEMENT/ADDED ENTRY--TITLE
Title Images of America
500 ## - GENERAL NOTE
General note "Published ... in partnership with the Arizona Historical Foundation--P. [4] of cover.
650 #0 - SUBJECT ADDED ENTRY--TOPICAL TERM
Topical term or geographic name entry element Historic buildings
Geographic subdivision Yuma
-- Yuma
Form subdivision Pictorial works.
651 #0 - SUBJECT ADDED ENTRY--GEOGRAPHIC NAME
Geographic name Yuma (Ariz.)
General subdivision History
Form subdivision Pictorial works.
651 #0 - SUBJECT ADDED ENTRY--GEOGRAPHIC NAME
Geographic name Yuma (Ariz.)
General subdivision Social life and customs
Form subdivision Pictorial works.
651 #0 - SUBJECT ADDED ENTRY--GEOGRAPHIC NAME
Geographic name Yuma (Ariz.)
Form subdivision Pictorial works.
-- Pictorial works.
651 #0 - SUBJECT ADDED ENTRY--GEOGRAPHIC NAME
Geographic name Yuma (Ariz.)
General subdivision Buildings, structures, etc.
Form subdivision Pictorial works.
710 2# - ADDED ENTRY--CORPORATE NAME
Corporate name or jurisdiction name as entry element Arizona Historical Foundation.
Holdings
Withdrawn status Lost status Damaged status Not for loan Home library Current library Shelving location Date acquired Total checkouts Full call number Barcode Date last seen Price effective from Koha item type
        Centerville Centerville General stacks 22/03/2026   979.1/71 22 BC0011356 22/03/2026 22/03/2026 Books